The fundamentals of nitrogen fixation

Saved in:
Bibliografiske detaljer
Hovedforfatter: Postgate, J. R (Author)
Format: Bog
Sprog:engelsk
Udgivet: Londres Cambridge University Press 1982
Fag:
Tags: Tilføj Tag
Ingen Tags, Vær først til at tagge denne postø!

MARC

LEADER 00000nam a2200000 a 4500
001 UCG2041
003 CL-VaPUC
008 100610e19820000UK |||||||||||||||||eng|d
082 0 4 |a 589.9  |b POS  |2 21 
100 0 |a Postgate, J. R  |e author  |9 550245 
245 1 4 |a The fundamentals of nitrogen fixation 
300 |a 252 p 
942 |c BK 
945 |d 20100610 00:00:00  |a dcastane 
260 |a Londres  |b Cambridge University Press  |c 1982 
650 0 |a Enzimas  |9 262984 
650 7 |a NITROGENO  |2 CL-VaPUC  |9 358135 
650 7 |a FIJACION DEL NITROGENO  |2 CL-VaPUC  |9 487656 
583 |a last modification  |c 20100610 00:00:00  |k Rodrigo Vera 
999 |c 341283  |d 341281 
952 |0 0  |1 0  |4 0  |6 589_900000000000000_POS_1982  |7 0  |8 A  |9 436661  |a BIBCUR  |b BIBCUR  |d 2019-11-22  |i 4681142  |o 589.9 POS 1982  |p 4681142  |r 2025-04-22  |w 2019-11-22  |y BK  |k BCB